Role of Parents Association on Funding of Educational Resources in Public Secondary Schools in Bungoma East Sub-County, Bungoma County (Record no. 217108)

MARC details
000 -LEADER
fixed length control field 00756nam a22001577a 4500
008 - FIXED-LENGTH DATA ELEMENTS--GENERAL INFORMATION
fixed length control field 260512b |||||||| |||| 00| 0 eng d
050 ## - LIBRARY OF CONGRESS CALL NUMBER
Classification number THE LB 2825 .K4 M33 2025
Item number C.1
100 ## - MAIN ENTRY--PERSONAL NAME
Personal name Machanja, Patrick
245 ## - TITLE STATEMENT
Title Role of Parents Association on Funding of Educational Resources in Public Secondary Schools in Bungoma East Sub-County, Bungoma County
260 ## - PUBLICATION, DISTRIBUTION, ETC.
Place of publication, distribution, etc. Kisii
Name of publisher, distributor, etc. Kisii University
Date of publication, distribution, etc. 2025
300 ## - PHYSICAL DESCRIPTION
Extent xvi, 138p.:ill.
500 ## - GENERAL NOTE
General note Includes bibliographical references
650 ## - SUBJECT ADDED ENTRY
Topical term or geographic name entry element 1. Parents Associations - Kenya - Bungoma County. 2. School management and organization - Kenya - Secondary schools. 3. School boards - Kenya - Role of parents. 4. Public schools - Kenya - Funding and expenditures.
942 ## - ADDED ENTRY ELEMENTS (KOHA)
Source of classification or shelving scheme Library of Congress Classification
Koha item type Reference
Holdings
Withdrawn status Lost status Source of classification or shelving scheme Damaged status Not for loan Collection Home library Current library Date acquired Inventory number Total checkouts Full call number Barcode Date last seen Copy number Price effective from Koha item type
    Library of Congress Classification     Special Research Kisii University Library Kisii University Library 05/12/2026 113316   THE LB 2825 .K4 M33 2025 A002035 05/12/2026 C.1 05/12/2026 Reference